Six Sigma quality improvement with Minitab / (رقم التسجيلة. 21846)

تفاصيل مارك
000 -الفاتح
حقل البيانات ثابتة الطول 00967cam a2200301 a 4500
001 - رقم الضبط
رقم الضبط 16754828
003 - محدد رقم الضبط
رقم الضبط OSt
005 - وقت وتاريخ اخر تعامل مع التسجيلة
رقم الضبط 20150408114018.0
008 - عناصر البيانات ثابتة الطول - معلومات عامة
حقل البيانات ثابتة الطول 110428s2011 njua b 001 0 eng
010 ## - رقم ضبط مكتبة الكونجرس
رقم ضبط مكتبة الكونجرس 2011012320
020 ## - الرقم الدولى المعيارى للكتب
الرقم الدولى المعيارى للكتاب 9780470741757 (cloth)
020 ## - الرقم الدولى المعيارى للكتب
الرقم الدولى المعيارى للكتاب 9780470741740 (pbk.)
040 ## - مصدر الفهرسة
وكالة الفهرسة الأصلية DLC
وكالة النسخ DLC
042 ## - رمز التحقق
رمز التحقق pcc
050 00 - رقم طلب مكتبة الكونجرس
رقم التصنيف TS156.8
رقم المادة .H45 2011
082 00 - رقم تصنيف ديوى العشرى
رقم التصنيف 658.562
رقم الطبعة 23
100 1# - المدخل الرئيسى - إسم شخصى
الإسم الشخصى Henderson, G. Robin.
9 (RLIN) 11842
245 10 - بيان العنوان
العنوان Six Sigma quality improvement with Minitab /
بيان المسئوليه,etc George Robin Henderson.
250 ## - بيان الطبعة
بيان الطبعة 2nd ed.
260 ## - PUBLICATION, DISTRIBUTION, ETC. (IMPRINT)
مكان الناشر او الموزع Hoboken, NJ :
اسم الناشر او الموزع John Wiley & Sons,
تاريخ النشر أو التوزيع 2011.
300 ## - الوصف المادى
التعداد xvi, 504 p. :
تفاصيل ماديه اخرى للوعاء ill. ;
أبعاد الوعاء 26 cm.
504 ## - تبصرة ببليوجرافية
تبصرة ببليوجرافية,الخ Includes bibliographical references and index.
630 00 - المدخل الاضافى بالموضوع - عنوان موحد
عنوان موحد Minitab.
9 (RLIN) 11843
650 #0 - المدخل الاضافى بالموضوع-مصطلح موضوعى
مصطلح موضوعي أو اسم جغرافي كعنصر مدخل Process control.
9 (RLIN) 4370
650 #0 - المدخل الاضافى بالموضوع-مصطلح موضوعى
مصطلح موضوعي أو اسم جغرافي كعنصر مدخل Six sigma (Quality control standard)
9 (RLIN) 4393
942 ## - عناصر المدخل الإضافي( كوها)
مصدر التصنيف او مخطط الترفيف Dewey Decimal Classification
Koha [default] item type كتاب
المقتنيات
حالة الفقد نموذج السعر الفعال حالة تلف ليس للاعارة رقم الطلب تاريخ الاكتساب الموقع الحالي الباركود الفرع الرئيسي Date last seen نوع المادة فى نظام كوها مصدر التصنيف او خطة الترفيف Total Checkouts
  2013-03-10     658.562 H G S 2012-04-23 المكتبة المركزية بالمجمعة (CL) 00085236 المكتبة المركزية بالمجمعة (CL) 2013-03-10 كتاب Dewey Decimal Classification